<?xml version="1.0" encoding="UTF-8"?>
<marc:record xmlns:marc="http://www.loc.gov/MARC21/slim">
   <marc:leader>00000nam a2200000 a 4500</marc:leader>
   <marc:datafield ind1="1" ind2=" " tag="100">
      <marc:subfield code="a">Stipsits, Thomas</marc:subfield>
      <marc:subfield code="4">aut</marc:subfield>
      <marc:subfield code="e">Verfasser/-in</marc:subfield>
   </marc:datafield>
   <marc:datafield ind1=" " ind2=" " tag="653">
      <marc:subfield code="a">Krimi</marc:subfield>
   </marc:datafield>
   <marc:datafield ind1=" " ind2=" " tag="653">
      <marc:subfield code="a">Kriminalroman</marc:subfield>
   </marc:datafield>
   <marc:datafield ind1=" " ind2=" " tag="653">
      <marc:subfield code="a">Steiermark</marc:subfield>
   </marc:datafield>
   <marc:datafield ind1=" " ind2=" " tag="653">
      <marc:subfield code="a">Wein</marc:subfield>
   </marc:datafield>
   <marc:datafield ind1="0" ind2="0" tag="245">
      <marc:subfield code="a">Uhudler Verschwörung</marc:subfield>
   </marc:datafield>
   <marc:datafield ind1="0" ind2="0" tag="245">
      <marc:subfield code="b">Kriminalroman</marc:subfield>
   </marc:datafield>
   <marc:datafield ind1=" " ind2="1" tag="264">
      <marc:subfield code="b">Ueberreuter</marc:subfield>
      <marc:subfield code="c">2020</marc:subfield>
   </marc:datafield>
   <marc:datafield ind1="1" ind2=" " tag="490">
      <marc:subfield code="a">ein Stinatz-Krimi</marc:subfield>
   </marc:datafield>
   <marc:datafield ind1="1" ind2=" " tag="520">
      <marc:subfield code="a">Klappentext: Inspektor Sifkovits ermittelt wieder! Der Uhudler-Bauer Alois Stipsits wird tot in seinem Weinkeller aufgefunden. Alles deutet auf einen tragischen Unfall durch Gärgas hin. Eigentlich sollte Inspektor seinen freien Tag seiner Mutter Baba widmen, aber die vielen Einsatzfahrzeuge beim Weinkeller wecken seine Neugier. Schon bald wittert er ein Verbrechen und beginnt, gegen den Willen seines Vorgesetzten zu ermitteln. Dabei unterstützt ihn die "Kopftuchmafia" - die Resetarits Hilda, die dicke Grandits Resl und seine Mutter Baba - wieder tatkräftig. Der neue Fall führt den "burgenländischen Columbo" tief in die Unterwelt des sonnigen Uhudler-Landes.  Über den Autor und weitere Mitwirkende Thomas Stipsits, 1983 in Leoben geboren, schrieb bereits in der Schule Lieder und kleine Sketche. 2000 erhielt er den Kärntner Kleinkunstpreis. 2004, gemeinsam mit Klaus Eckel, Pepi Hopf und Martin Kosch den Österreichischen Kabarettförderpreis. Sein Programm 'Griechenland' feierte Anfang 2006 Premiere, aktuell tritt er sehr erfolgreich mit seinem Programm 'Stinatzer Delikatessen' auf. Er ist in zahlreichen Fernsehproduktionen ('Braunschlag', 'Tatort', 'Vorstadtweiber'), Filmen ('Love Machine') und regelmäßig in 'Was gibt es Neues?' zu sehen. Als Musiker tritt er mit Ulli Bäer und Willi Gansterer mit der Danzer-Hommage 'Von Danzer bis Stinatz' auf. Zuletzt erschien sein Bestseller 'Das Glück hat einen Vogel' bei Ueberreuter.</marc:subfield>
   </marc:datafield>
   <marc:datafield ind1=" " ind2=" " tag="020">
      <marc:subfield code="a">9783800090037</marc:subfield>
      <marc:subfield code="9">9783800090037</marc:subfield>
   </marc:datafield>
</marc:record>
